[Event "HEM C-Turnier"]
[Site "Frankfurt-Zeilsheim"]
[Date "2018.05.13"]
[Round "7.8"]
[White "Weber, Stefan"]
[Black "Doehne, Michael"]
[Result "0-1"]
[WhiteElo "1508"]
[BlackElo "1363"]
[PlyCount "84"]
[EventDate "2018.??.??"]
[EventType "swiss"]
[EventRounds "7"]
[EventCountry "GER"]
[WhiteTeam "SF Korbach"]
[BlackTeam "SC Hattersheim"]

1. e4 e5 2. Nf3 Nf6 3. Nxe5 d6 4. Nf3 Nxe4 5. d4 d5 6. Bd3 Bd6 7. O-O O-O 8.
Be3 Re8 9. c3 a5 10. Qc2 Bg4 11. Bxe4 dxe4 12. Ng5 Bf5 13. Qb3 Qd7 14. Qxb7 Ra6
15. Nd2 Rb6 16. Qxb6 cxb6 17. f3 exf3 18. Rxf3 h6 19. Raf1 f6 20. Rxf5 Rxe3 21.
Nge4 Qc7 22. Nxd6 Qxd6 23. Nc4 Qe7 24. Nxe3 Qxe3+ 25. Kh1 Nd7 26. h3 Qe6 27. b3
Qe3 28. R5f3 Qe7 29. Rd3 b5 30. Rdd1 Nb6 31. Rfe1 Qf7 32. d5 Nxd5 33. c4 bxc4
34. bxc4 Nf4 35. Rd8+ Kh7 36. Re4 Nh5 37. Red4 Ng3+ 38. Kh2 Qg6 39. Rg4 Nf1+
40. Kg1 Qb1 41. Rgd4 Ne3+ 42. Kf2 Nxc4 0-1

[Event "HEM C-Turnier"]
[Site "Frankfurt-Zeilsheim"]
[Date "2018.05.13"]
[Round "7.9"]
[White "Gertel, Josef"]
[Black "Giebitz, Walter"]
[Result "0-1"]
[WhiteElo "1227"]
[BlackElo "1476"]
[PlyCount "80"]
[EventDate "2018.??.??"]
[EventType "swiss"]
[EventRounds "7"]
[EventCountry "GER"]
[WhiteTeam "SC Frankfurt-West"]
[BlackTeam "SC Steinbach"]

1. e4 e5 2. Nf3 f6 3. Bc4 Bc5 4. c3 Ne7 5. d3 a6 6. a4 Nbc6 7. Qe2 d5 8. Ba2
Be6 9. O-O Qd7 10. d4 dxe4 11. Qxe4 Bxa2 12. Rxa2 Ba7 13. Be3 Qd5 14. Qxd5 Nxd5
15. Nbd2 exd4 16. Nxd4 Bxd4 17. Bxd4 O-O-O 18. g3 Nxd4 19. cxd4 Rhe8 20. Raa1
Re2 21. Nc4 Re4 22. Rfd1 Nb4 23. b3 Rexd4 24. Rxd4 Rxd4 25. Re1 Kd7 26. a5 Rd3
27. Rb1 Nc6 28. Kf1 Nd4 29. b4 Rb3 30. Rxb3 Nxb3 31. Ke2 Kc6 32. Kd3 Kb5 33.
Kc3 Nc1 34. Na3+ Ka4 35. Nc2 Ne2+ 36. Kc4 Nc1 37. Kc3 b6 38. axb6 cxb6 39. h3
g5 40. f3 Ne2+ 0-1

[Event "HEM C-Turnier"]
[Site "Frankfurt-Zeilsheim"]
[Date "2018.05.13"]
[Round "7.10"]
[White "Scallan, Cillian"]
[Black "Pessotschinski, Eduard"]
[Result "1/2-1/2"]
[WhiteElo "1134"]
[BlackElo "1383"]
[PlyCount "69"]
[EventDate "2018.??.??"]
[EventType "swiss"]
[EventRounds "7"]
[EventCountry "GER"]
[BlackTeam "TuS Makkabi"]

1. e4 c5 2. Nf3 d6 3. d4 cxd4 4. Nxd4 Nf6 5. Nc3 g6 6. Bc4 Bg7 7. O-O O-O 8. h3
Bd7 9. f4 Nc6 10. Nxc6 Bxc6 11. Re1 Qb6+ 12. Kh2 Rac8 13. Bb3 Rfe8 14. Be3 Qc7
15. Nd5 Nxd5 16. exd5 Bd7 17. c3 Bf5 18. g4 Bd7 19. Bd4 e5 20. fxe5 dxe5 21.
Bf2 e4+ 22. d6 Qc6 23. Qd5 Qxd5 24. Bxd5 b6 25. Rxe4 Be5+ 26. Bg3 Rc5 27. Rxe5
Rxe5 28. Bxe5 Rxd5 29. Bf4 Kg7 30. g5 f6 31. h4 Kf7 32. Re1 Be6 33. Re4 f5 34.
Ra4 a5 35. b4 1/2-1/2

[Event "HEM C-Turnier"]
[Site "Frankfurt-Zeilsheim"]
[Date "2018.05.13"]
[Round "7.11"]
[White "Graef, Kilian Gabriel"]
[Black "Willand, Mattis"]
[Result "0-1"]
[WhiteElo "1523"]
[BlackElo "1261"]
[PlyCount "76"]
[EventDate "2018.??.??"]
[EventType "swiss"]
[EventRounds "7"]
[EventCountry "GER"]
[WhiteTeam "SV Frankfurt Nord"]
[BlackTeam "SC FK Babenhausen"]

1. d4 d5 2. c4 c6 3. Nc3 Nf6 4. cxd5 cxd5 5. Bg5 e6 6. e3 Be7 7. Bd3 Nbd7 8.
Nf3 O-O 9. O-O Nb6 10. Qc2 g6 11. Bh6 Re8 12. Rfe1 Bf8 13. Bxf8 Kxf8 14. Rac1
Bd7 15. e4 Rc8 16. e5 Ng4 17. Qd2 Kg7 18. h3 Nh6 19. Re3 Nf5 20. Re2 Bc6 21.
Bxf5 gxf5 22. Nh2 Kh8 23. Qh6 Rg8 24. f4 Rg6 25. Qh5 Qe7 26. Nf3 Rcg8 27. Ng5
h6 28. Re3 R8g7 29. Rc2 Be8 30. g4 Kg8 31. Rg2 hxg5 32. gxf5 exf5 33. fxg5 Rxg5
34. Qe2 Rxg2+ 35. Qxg2 Rxg2+ 36. Kxg2 Kh7 37. Rg3 f6 38. Ne2 fxe5 0-1

[Event "HEM C-Turnier"]
[Site "Frankfurt-Zeilsheim"]
[Date "2018.05.13"]
[Round "7.12"]
[White "Droeser, Wolfgang"]
[Black "Schmidt, Jeremy"]
[Result "1/2-1/2"]
[WhiteElo "1420"]
[BlackElo "1161"]
[PlyCount "46"]
[EventDate "2018.??.??"]
[EventType "swiss"]
[EventRounds "7"]
[EventCountry "GER"]
[WhiteTeam "SC Sulzbach"]
[BlackTeam "SG Rödermark"]

1. f4 d5 2. Nf3 Nc6 3. e3 g6 4. Be2 Bg7 5. c3 Bf5 6. d3 Nf6 7. O-O O-O 8. Qe1
Re8 9. Na3 e5 10. fxe5 Nxe5 11. Nxe5 Rxe5 12. d4 Re8 13. Bd1 Qd7 14. h3 Bh6 15.
Rf2 Re7 16. Bc2 Ne4 17. Re2 Rae8 18. g4 Bxg4 19. hxg4 Qxg4+ 20. Rg2 Qf3 21. Bd1
Qf5 22. Nc2 Ng5 23. Qg3 Kg7 1/2-1/2

[Event "HEM C-Turnier"]
[Site "Frankfurt-Zeilsheim"]
[Date "2018.05.13"]
[Round "7.13"]
[White "Fuchs, Henrik"]
[Black "Pessotschinski, Lars"]
[Result "1/2-1/2"]
[WhiteElo "1099"]
[BlackElo "1692"]
[PlyCount "72"]
[EventDate "2018.??.??"]
[EventType "swiss"]
[EventRounds "7"]
[EventCountry "GER"]
[WhiteTeam "SC Bad Soden"]
[BlackTeam "TuS Makkabi"]

1. d4 Nf6 2. c4 g6 3. Nf3 Bg7 4. Nc3 O-O 5. Bf4 d6 6. e3 Nbd7 7. Bd3 Qe8 8. Bc2
b6 9. Nb5 Qd8 10. O-O c5 11. Re1 Bb7 12. d5 Ng4 13. h3 Nge5 14. Nxe5 Nxe5 15.
Bxe5 Bxe5 16. Rb1 Qd7 17. f4 Bg7 18. a3 Ba6 19. Ba4 Bxb5 20. Bxb5 Qf5 21. Qd2
Rfd8 22. e4 Qc8 23. a4 Bd4+ 24. Kh1 Kf8 25. a5 f5 26. Qe2 e5 27. exf5 Qxf5 28.
fxe5 Qxe5 29. Rf1+ Kg7 30. Qxe5+ Bxe5 31. Bc6 Rac8 32. axb6 axb6 33. b4 Rf8 34.
bxc5 bxc5 35. Kg1 Rf4 36. Rxf4 Bxf4 1/2-1/2

[Event "HEM C-Turnier"]
[Site "Frankfurt-Zeilsheim"]
[Date "2018.05.13"]
[Round "7.14"]
[White "Ruppert, Henry"]
[Black "Klein, Simon"]
[Result "0-1"]
[WhiteElo "1181"]
[BlackElo "1383"]
[PlyCount "112"]
[EventDate "2018.??.??"]
[EventType "swiss"]
[EventRounds "7"]
[EventCountry "GER"]
[WhiteTeam "SC Flörsheim"]
[BlackTeam "SK Hungen"]

1. e4 d6 2. d4 Nf6 3. Nc3 Nbd7 4. Nf3 e5 5. dxe5 dxe5 6. Bg5 Be7 7. Bc4 c6 8.
O-O Qc7 9. Qd3 h6 10. Be3 Ng4 11. Bd2 Nf8 12. h3 Nf6 13. Ne2 g5 14. Qb3 Be6 15.
Rad1 Bxc4 16. Qxc4 b5 17. Qc3 Ng6 18. Ng3 g4 19. Nh2 gxh3 20. gxh3 Rg8 21. Kh1
h5 22. Nf3 h4 23. Nf5 Nxe4 24. Qa5 Qxa5 25. Bxa5 Bc5 26. Ne3 Nxf2+ 27. Rxf2
Bxe3 28. Rg2 f6 29. Nxh4 Kf7 30. Nxg6 Rxg6 31. Rxg6 Kxg6 32. Kg2 Kf5 33. Kf3
Bf4 34. h4 e4+ 35. Ke2 Ke6 36. Rf1 Be5 37. Ke3 f5 38. Bc3 Bxc3 39. bxc3 Rh8 40.
Rh1 Ke5 41. h5 f4+ 42. Ke2 Kf5 43. h6 Kg6 44. Rf1 Kg5 45. Rg1+ Kxh6 46. Rg4 Rf8
47. Rh4+ Kg5 48. Rh7 f3+ 49. Kf2 e3+ 50. Kxe3 f2 51. Rh1 f1=Q 52. Rxf1 Rxf1 53.
Kd4 Rf5 54. c4 Rf4+ 55. Kc5 Rxc4+ 56. Kd6 Rxc2 0-1

[Event "HEM C-Turnier"]
[Site "Frankfurt-Zeilsheim"]
[Date "2018.05.13"]
[Round "7.16"]
[White "Mueller, Darius"]
[Black "Jayakumar, Sharun"]
[Result "1/2-1/2"]
[WhiteElo "928"]
[BlackElo "1212"]
[PlyCount "52"]
[EventDate "2018.??.??"]
[EventType "swiss"]
[EventRounds "7"]
[EventCountry "GER"]
[WhiteTeam "SC Ehrenberg"]
[BlackTeam "SV Ffm-Griesheim"]

1. d4 Nf6 2. Nf3 g6 3. c4 Bg7 4. e3 d6 5. Nc3 O-O 6. Bd3 c5 7. d5 e6 8. O-O Re8
9. Rb1 Na6 10. a3 Nc7 11. Bc2 Bd7 12. b4 b5 13. Bb3 Rb8 14. e4 a6 15. Re1 bxc4
16. Bxc4 exd5 17. exd5 Rxe1+ 18. Qxe1 Bf5 19. Rb2 Qd7 20. bxc5 Rxb2 21. Bxb2
dxc5 22. h3 Nfxd5 23. Bxd5 Nxd5 24. Qd2 Bxc3 25. Bxc3 Nxc3 26. Qxc3 Qb5 1/2-1/2

[Event "HEM C-Turnier"]
[Site "Frankfurt-Zeilsheim"]
[Date "2018.05.13"]
[Round "7.17"]
[White "Coskun, Eray"]
[Black "Von Beckh, Frieda"]
[Result "0-1"]
[WhiteElo "839"]
[BlackElo "1262"]
[PlyCount "98"]
[EventDate "2018.??.??"]
[EventType "swiss"]
[EventRounds "7"]
[EventCountry "GER"]
[WhiteTeam "SC Flörsheim"]
[BlackTeam "SC Eschborn"]

1. e4 c5 2. Nc3 Nc6 3. Nf3 g6 4. d4 cxd4 5. Nxd4 Bg7 6. Be3 Nf6 7. Bc4 O-O 8.
O-O e6 9. Nf3 Na5 10. Qe2 d5 11. Bd3 Nc6 12. Bb5 a6 13. Ba4 b5 14. Bb3 dxe4 15.
Ng5 Bb7 16. Rad1 Qc7 17. Ngxe4 Nxe4 18. Nxe4 Ne5 19. Bg5 h6 20. Bf6 Bxe4 21.
Bxg7 Kxg7 22. Qxe4 f5 23. Qe3 Ng4 24. Qd4+ e5 25. Qd5 Rad8 26. Qe6 Rf6 27. Rd7+
Qxd7 28. Qxd7+ Rxd7 29. h3 a5 30. a4 bxa4 31. Bxa4 Rd4 32. b3 Nxf2 33. Rxf2
Rd1+ 34. Kh2 Rc1 35. Rd2 e4 36. Re2 Re6 37. Kg3 g5 38. c4 f4+ 39. Kf2 e3+ 40.
Kf3 Rf1+ 41. Kg4 Rf2 42. Re1 e2 43. Kf5 Re3 44. c5 Rf1 45. b4 axb4 46. Bd7 Rxe1
47. c6 Rc1 48. g4 e1=Q 49. h4 Re5# 0-1

[Event "HEM C-Turnier"]
[Site "Frankfurt-Zeilsheim"]
[Date "2018.05.13"]
[Round "7.21"]
[White "Edelmann, Anastasija"]
[Black "Graef, Britta"]
[Result "0-1"]
[WhiteElo "919"]
[BlackElo "856"]
[PlyCount "88"]
[EventDate "2018.??.??"]
[EventType "swiss"]
[EventRounds "7"]
[EventCountry "GER"]
[WhiteTeam "SC Frankfurt-West"]
[BlackTeam "SV Frankfurt Nord"]

1. e4 d6 2. Nf3 g6 3. Nc3 c6 4. d4 Nf6 5. Bg5 Bg7 6. Bxf6 exf6 7. Qe2 O-O 8.
Qe3 Re8 9. O-O-O Bd7 10. Qf4 Qe7 11. d5 f5 12. Nd4 Be5 13. Qf3 fxe4 14. Qxe4
Qf6 15. g4 Bf4+ 16. Kb1 Rxe4 17. Nxe4 Qe5 18. f3 c5 19. Ne2 Bxh2 20. Re1 Bf4
21. Bh3 Be3 22. N2c3 Bd4 23. f4 Qxf4 24. Rhf1 Qe5 25. Nf6+ Qxf6 26. Rxf6 Bxf6
27. Re7 Bxe7 28. a3 b5 29. b4 Na6 30. bxc5 dxc5 31. Bg2 b4 32. Na2 bxa3 33. d6
Rb8+ 34. Ka1 Bf6+ 35. c3 Rb6 36. Be4 Rxd6 37. Kb1 Re6 38. Bd5 Re1+ 39. Kc2 Bxg4
40. Bc4 Bd1+ 41. Kc1 Bg5+ 42. Kb1 Bb3+ 43. Nc1 Bxc4 44. Kc2 Rxc1# 0-1

[Event "HEM B-Turnier"]
[Site "Frankfurt-Zeilsheim"]
[Date "2018.05.10"]
[Round "1.1"]
[White "Ahrends, Norbert"]
[Black "Schneider, Lutz"]
[Result "1-0"]
[WhiteElo "1999"]
[BlackElo "1722"]
[PlyCount "93"]
[EventDate "2018.??.??"]
[EventType "swiss"]
[EventRounds "7"]
[EventCountry "GER"]
[WhiteTeam "SV Groß-Gerau"]
[BlackTeam "Sfr. Wiesbaden"]

1. d4 Nf6 2. c4 e6 3. Nc3 d5 4. Nf3 c6 5. Bg5 Be7 6. e3 Nbd7 7. Be2 b6 8. O-O
O-O 9. Qa4 Bb7 10. b4 dxc4 11. b5 cxb5 12. Qxb5 a5 13. Qxc4 Rc8 14. Qb3 Nd5 15.
Ne4 Bxg5 16. Nfxg5 h6 17. Nf3 Qe7 18. Rac1 Rxc1 19. Rxc1 Rc8 20. Rxc8+ Bxc8 21.
a3 Bb7 22. Ned2 Qd8 23. h3 Qc7 24. Bc4 N5f6 25. Nb1 Bc6 26. Nfd2 Qb7 27. f3 Bd5
28. Nc3 Qc6 29. e4 Bxc4 30. Qxc4 Qb7 31. Kf2 Qb8 32. a4 Qf4 33. Nf1 g5 34. g3
Qc1 35. Qb3 g4 36. hxg4 Kg7 37. Ne2 Qa1 38. Qb5 Qa2 39. Ne3 Nf8 40. d5 exd5 41.
exd5 N6d7 42. Nf5+ Kh7 43. Qc6 Qd2 44. f4 f6 45. Qd6 Qb4 46. Qc6 Qc5+ 47. Nfd4
1-0

[Event "HEM B-Turnier"]
[Site "Frankfurt-Zeilsheim"]
[Date "2018.05.10"]
[Round "1.2"]
[White "Weber, Andreas"]
[Black "Muenstermann, Matthias"]
[Result "1-0"]
[WhiteElo "1718"]
[BlackElo "1891"]
[PlyCount "57"]
[EventDate "2018.??.??"]
[EventType "swiss"]
[EventRounds "7"]
[EventCountry "GER"]
[WhiteTeam "SC Flörsheim"]
[BlackTeam "SK Langen"]

1. e4 c5 2. d4 cxd4 3. c3 d3 4. Bxd3 Nc6 5. c4 d6 6. h3 Nf6 7. Nc3 g6 8. Nf3
Bg7 9. O-O O-O 10. Be3 Nd7 11. Rc1 Nde5 12. Nxe5 Nxe5 13. Be2 f5 14. f4 Nc6 15.
b3 fxe4 16. Nxe4 Bf5 17. Ng5 Qd7 18. g4 Be6 19. Bf3 Bf7 20. Qd2 h6 21. Nxf7
Rxf7 22. Be4 Rf6 23. Qc2 Nb4 24. Qg2 Rd8 25. a3 Nc6 26. Qc2 h5 27. Bf3 Re6 28.
Bd5 hxg4 29. Qxg6 1-0

[Event "HEM B-Turnier"]
[Site "Frankfurt-Zeilsheim"]
[Date "2018.05.10"]
[Round "1.3"]
[White "Winter, Lars"]
[Black "Schmitt, Clemens"]
[Result "1-0"]
[WhiteElo "1891"]
[BlackElo "1712"]
[PlyCount "23"]
[EventDate "2018.??.??"]
[EventType "swiss"]
[EventRounds "7"]
[EventCountry "GER"]
[WhiteTeam "SV Fechenheim"]
[BlackTeam "SV Bergwinkel"]

1. d4 Nf6 2. Bg5 e6 3. e4 h6 4. Bxf6 Qxf6 5. c3 g6 6. Bd3 Bg7 7. Ne2 d5 8. e5
Qe7 9. O-O c5 10. f4 b6 11. Nd2 Ba6 12. Bxa6 1-0

[Event "HEM B-Turnier"]
[Site "Frankfurt-Zeilsheim"]
[Date "2018.05.10"]
[Round "1.4"]
[White "Faysal, Wasim"]
[Black "Vollbrecht, Christoph"]
[Result "1-0"]
[WhiteElo "1703"]
[BlackElo "1879"]
[PlyCount "43"]
[EventDate "2018.??.??"]
[EventType "swiss"]
[EventRounds "7"]
[EventCountry "GER"]
[WhiteTeam "Biebertaler SF"]
[BlackTeam "SSG Rödermark/Eppertshausen"]

1. e4 e5 2. Nf3 Nc6 3. Bc4 Nf6 4. d3 Bc5 5. c3 O-O 6. O-O d6 7. a3 a6 8. Nbd2
Bg4 9. h3 Bh5 10. Re1 Re8 11. Nf1 Qd7 12. Bg5 Kh8 13. Bxf6 gxf6 14. Ng3 Bg6 15.
Nh4 Rg8 16. Qf3 Rg7 17. Qxf6 Rag8 18. Nhf5 Bxf5 19. Nxf5 d5 20. Nxg7 Rxg7 21.
exd5 Qxh3 22. Qxg7+ 1-0

[Event "HEM B-Turnier"]
[Site "Frankfurt-Zeilsheim"]
[Date "2018.05.10"]
[Round "1.5"]
[White "Lehnert, Michael"]
[Black "Schneider, Kevin"]
[Result "1/2-1/2"]
[WhiteElo "1858"]
[BlackElo "1699"]
[PlyCount "43"]
[EventDate "2018.??.??"]
[EventType "swiss"]
[EventRounds "7"]
[EventCountry "GER"]
[WhiteTeam "SK Niederbrechen"]
[BlackTeam "SC Breuberg"]

1. Nf3 Nf6 2. c4 e6 3. e3 a6 4. Be2 Be7 5. Nc3 O-O 6. b3 d5 7. d3 c5 8. cxd5
exd5 9. d4 Nc6 10. O-O Be6 11. Bb2 Rc8 12. dxc5 Bxc5 13. a3 Ba7 14. Na2 Qe7 15.
b4 Rfd8 16. b5 axb5 17. Bxb5 Bg4 18. h3 Bxf3 19. Qxf3 d4 20. Bxc6 Rxc6 21. Nb4
Rcd6 22. exd4 1/2-1/2

[Event "HEM B-Turnier"]
[Site "Frankfurt-Zeilsheim"]
[Date "2018.05.10"]
[Round "1.6"]
[White "Lopez, Victor"]
[Black "Bergmann, Michael"]
[Result "1/2-1/2"]
[WhiteElo "1689"]
[BlackElo "1847"]
[PlyCount "116"]
[EventDate "2018.??.??"]
[EventType "swiss"]
[EventRounds "7"]
[EventCountry "GER"]
[WhiteTeam "SC Höchst"]
[BlackTeam "SF Frankfurt"]

1. e4 e5 2. Nf3 Nc6 3. Bc4 Nf6 4. d3 Be7 5. Nc3 d6 6. h3 Na5 7. Bb3 Nxb3 8.
axb3 c6 9. Be3 a6 10. O-O O-O 11. Na4 Nd7 12. Qd2 d5 13. exd5 cxd5 14. d4 e4
15. Ne5 Nxe5 16. dxe5 Be6 17. Bc5 Rc8 18. b4 f6 19. Nb6 Rc7 20. Na4 fxe5 21.
Bb6 Qc8 22. Bxc7 Qxc7 23. c3 Rd8 24. Rfe1 h6 25. Qe3 Bf5 26. Qb6 Qxb6 27. Nxb6
Rd6 28. Na4 Rg6 29. Kh2 Rc6 30. f3 Kf7 31. Nc5 Bxc5 32. bxc5 Rxc5 33. Ra4 Ke6
34. fxe4 Bxe4 35. c4 Bd3 36. cxd5+ Kxd5 37. Rd1 e4 38. Rd2 Kc6 39. Kg3 Kb5 40.
Rd4 Rc7 41. Kf4 Kc5 42. Ke3 b5 43. b4+ Kb6 44. Ra2 Rc6 45. Rd8 g6 46. Rf2 a5
47. Rb8+ Kc7 48. Rh8 axb4 49. Rb2 h5 50. Rxb4 Kb6 51. Ra8 Kc5 52. Rd4 Bc2 53.
Rb8 Rc7 54. Rd2 Bd3 55. Rb2 Rc6 56. Rb7 Kd6 57. R2xb5 Bxb5 58. Rxb5 Ke6 1/2-1/2

[Event "HEM B-Turnier"]
[Site "Frankfurt-Zeilsheim"]
[Date "2018.05.10"]
[Round "1.8"]
[White "Stiller, Bjoern"]
[Black "Varma, Christopher"]
[Result "0-1"]
[WhiteElo "1673"]
[BlackElo "1811"]
[PlyCount "80"]
[EventDate "2018.??.??"]
[EventType "swiss"]
[EventRounds "7"]
[EventCountry "GER"]
[WhiteTeam "SSG Hungen-Lich"]
[BlackTeam "SC Bad Nauheim"]

1. e4 e6 2. d4 d5 3. e5 c5 4. c3 Nc6 5. Nf3 Bd7 6. a3 f6 7. c4 cxd4 8. cxd5
exd5 9. e6 Bxe6 10. Nxd4 Nxd4 11. Qxd4 Ne7 12. Bd3 Nc6 13. Qe3 Qd7 14. O-O Bd6
15. f4 O-O 16. b4 Rfe8 17. Qf2 Rac8 18. Bb2 Bf5 19. Qg3 Kf7 20. Qf3 Bc7 21. Kh1
Bb6 22. Qh5+ Bg6 23. Bxg6+ hxg6 24. Qd1 Rh8 25. Nc3 Ne7 26. Qd3 Rh5 27. Ne4
Rch8 28. Nc5 Rxh2+ 29. Kg1 Qg4 30. Qf3 Qh4 31. g3 Qh3 32. Bd4 Rd2 33. Rf2 Rxd4
34. Re1 Re4 35. Ree2 Rxe2 36. Rxe2 Qf5 37. g4 Qb1+ 38. Kf2 Rh2+ 39. Ke3 Qe4+
40. Qxe4 Rxe2+ 0-1

[Event "HEM B-Turnier"]
[Site "Frankfurt-Zeilsheim"]
[Date "2018.05.10"]
[Round "1.9"]
[White "Diehl, Stefan"]
[Black "Traut, Stefan"]
[Result "1-0"]
[WhiteElo "1812"]
[BlackElo "1661"]
[PlyCount "71"]
[EventDate "2018.??.??"]
[EventType "swiss"]
[EventRounds "7"]
[EventCountry "GER"]
[WhiteTeam "SC Höchst"]
[BlackTeam "SF Heusenstamm"]

1. f4 d5 2. Nf3 Bg4 3. e3 c5 4. b3 Nf6 5. Bb2 e6 6. Bb5+ Nfd7 7. O-O a6 8. Be2
Bxf3 9. Bxf3 Nf6 10. d3 Be7 11. Nd2 O-O 12. e4 d4 13. Nc4 Nc6 14. g4 Qc7 15. g5
Nd7 16. e5 Nb6 17. Be4 g6 18. Rf3 Nxc4 19. dxc4 Kg7 20. Qe1 Rh8 21. Rd1 Rad8
22. a3 b6 23. Qe2 a5 24. Qg2 Nb8 25. Rh3 Bf8 26. Qf2 Nc6 27. Rdd3 Ne7 28. c3
dxc3 29. Bxc3 Rxd3 30. Rxd3 Nf5 31. Qd2 h6 32. Rd7 Qc8 33. Bxf5 gxf5 34. g6 Rg8
35. gxf7 Kh8+ 36. fxg8=Q+ 1-0

[Event "HEM B-Turnier"]
[Site "Frankfurt-Zeilsheim"]
[Date "2018.05.10"]
[Round "1.10"]
[White "Eckert, Michael"]
[Black "Ross, Norbert"]
[Result "0-1"]
[WhiteElo "1649"]
[BlackElo "1804"]
[PlyCount "74"]
[EventDate "2018.??.??"]
[EventType "swiss"]
[EventRounds "7"]
[EventCountry "GER"]
[WhiteTeam "C4 Chess Club"]
[BlackTeam "SV Oberursel"]

1. e4 e6 2. d4 d5 3. Bd3 Nf6 4. Bg5 Be7 5. Nc3 dxe4 6. Bc4 O-O 7. Nge2 Nc6 8.
Bxf6 Bxf6 9. d5 Na5 10. Bb3 Nxb3 11. axb3 exd5 12. b4 c6 13. Rb1 Bg4 14. h3 Bh5
15. g4 Bg6 16. Nf4 Bh4 17. Rf1 e3 18. Qd4 Bxf2+ 19. Rxf2 exf2+ 20. Kxf2 Bxc2
21. Rc1 Bg6 22. Kg3 Re8 23. h4 Qb6 24. Qc5 Qxc5 25. bxc5 Be4 26. b4 a5 27. b5
a4 28. b6 h6 29. Nfe2 a3 30. Ra1 Bd3 31. Nc1 Bc4 32. Kf3 Re1 33. Kf2 Rae8 34.
Nb1 a2 35. Nc3 d4 36. N3xa2 d3 37. Rb1 Bxa2 0-1

[Event "HEM B-Turnier"]
[Site "Frankfurt-Zeilsheim"]
[Date "2018.05.10"]
[Round "1.11"]
[White "Alkayas, Shadi"]
[Black "Baitinger, Viktor"]
[Result "1-0"]
[WhiteElo "1635"]
[BlackElo "1646"]
[PlyCount "51"]
[EventDate "2018.??.??"]
[EventType "swiss"]
[EventRounds "7"]
[EventCountry "GER"]
[WhiteTeam "SK Marburg"]
[BlackTeam "SF Anderssen Wetzlar"]

1. e4 c5 2. Nf3 Nc6 3. d4 cxd4 4. Nxd4 Nf6 5. f3 d5 6. Bb5 Bd7 7. Bxc6 Bxc6 8.
e5 Nd7 9. e6 fxe6 10. Nxe6 Qb6 11. Qe2 Bb5 12. Qe3 Qxe3+ 13. Bxe3 Rc8 14. Na3
a6 15. Nxb5 axb5 16. O-O-O Nf6 17. Bg5 Rc6 18. Rhe1 Ne4 19. Rxd5 Rxe6 20. Rxe4
Rxe4 21. fxe4 b4 22. Rb5 e6 23. Bf4 Kf7 24. Rxb7+ Kf6 25. Rb8 g6 26. g4 1-0

[Event "HEM B-Turnier"]
[Site "Frankfurt-Zeilsheim"]
[Date "2018.05.10"]
[Round "1.12"]
[White "Gruber, Reiner"]
[Black "Zalewski, Ulrich"]
[Result "0-1"]
[WhiteElo "1644"]
[BlackElo "1788"]
[PlyCount "94"]
[EventDate "2018.??.??"]
[EventType "swiss"]
[EventRounds "7"]
[EventCountry "GER"]
[WhiteTeam "SK Dieburg"]
[BlackTeam "Biebertaler SF"]

1. Nf3 d5 2. d4 e6 3. g3 f5 4. Bg5 Nf6 5. Bg2 Be7 6. c3 Nbd7 7. Qc2 O-O 8. Nbd2
c6 9. O-O h6 10. Bf4 Qe8 11. c4 Ne4 12. Ne5 Bf6 13. Rac1 g5 14. Nxd7 Qxd7 15.
Be5 Qg7 16. Nxe4 fxe4 17. f4 exf3 18. Rxf3 Bxe5 19. Rxf8+ Kxf8 20. dxe5 Qxe5
21. Rf1+ Kg7 22. e4 Qd4+ 23. Kh1 Bd7 24. exd5 Rf8 25. Rd1 Rf2 26. Rxd4 Rxc2 27.
h4 exd5 28. cxd5 cxd5 29. hxg5 hxg5 30. Bxd5 Rxb2 31. Bg2 Be6 32. a4 Kf6 33. g4
b6 34. Kg1 Rc2 35. Bf3 Rc4 36. Rxc4 Bxc4 37. Kf2 Ke5 38. Ke3 Be6 39. Bd1 Bd7
40. Kf3 Kd4 41. Bc2 Kc3 42. Bf5 Bxa4 43. Ke4 Bd1 44. Bd7 a5 45. Kf5 a4 46. Kxg5
a3 47. Be6 Bb3 0-1

[Event "HEM B-Turnier"]
[Site "Frankfurt-Zeilsheim"]
[Date "2018.05.10"]
[Round "1.13"]
[White "John, Volkmar"]
[Black "Mohr, Justus"]
[Result "0-1"]
[WhiteElo "1777"]
[BlackElo "1641"]
[PlyCount "78"]
[EventDate "2018.??.??"]
[EventType "swiss"]
[EventRounds "7"]
[EventCountry "GER"]
[WhiteTeam "SK Herborn"]
[BlackTeam "SC FK Babenhausen"]

1. c4 Nf6 2. Nc3 b6 3. e4 e5 4. g3 Bc5 5. Bg2 Bb7 6. d3 Nc6 7. a3 h5 8. h3 Qe7
9. Nge2 O-O-O 10. b4 Bd4 11. O-O Qe6 12. b5 Na5 13. Nxd4 exd4 14. Nd5 c6 15.
Nf4 Qe5 16. Bd2 h4 17. Bxa5 bxa5 18. Qd2 hxg3 19. fxg3 Qc7 20. Rab1 Nh5 21.
Nxh5 Rxh5 22. g4 Rh7 23. Rxf7 Qg3 24. Rf3 Qc7 25. bxc6 dxc6 26. Qf2 g6 27. Rf8
c5 28. Rxd8+ Qxd8 29. e5 Bxg2 30. Qxg2 Rc7 31. Qa8+ Kd7 32. Qxd8+ Kxd8 33. Kg2
g5 34. Rb5 Ke7 35. Kf3 Ke6 36. Rxa5 Kxe5 37. Rb5 Kd6 38. Ke4 Rf7 39. Rb8 Rf4#
0-1

[Event "HEM B-Turnier"]
[Site "Frankfurt-Zeilsheim"]
[Date "2018.05.10"]
[Round "1.14"]
[White "Policarpo, Raphael"]
[Black "Wilke, Tabea"]
[Result "0-1"]
[WhiteElo "1640"]
[BlackElo "1773"]
[PlyCount "50"]
[EventDate "2018.??.??"]
[EventType "swiss"]
[EventRounds "7"]
[EventCountry "GER"]
[WhiteTeam "SC Heusenstamm"]
[BlackTeam "SC Hattersheim"]

1. e4 e5 2. Nf3 Nc6 3. Bc4 Bc5 4. d3 h6 5. Be3 Bb6 6. O-O Nf6 7. Nc3 d6 8. d4
Bg4 9. d5 Nd4 10. Bxd4 Bxd4 11. Bb5+ Nd7 12. Qd3 Bb6 13. h3 Bh5 14. Nd2 a6 15.
Ba4 O-O 16. Bxd7 Qxd7 17. Kh1 Bg6 18. f4 f5 19. fxe5 dxe5 20. Qg3 Qe8 21. Nf3
f4 22. Qg4 Rf6 23. Rad1 Bc5 24. Rd3 Rd8 25. Nb1 Bxe4 0-1

[Event "HEM B-Turnier"]
[Site "Frankfurt-Zeilsheim"]
[Date "2018.05.10"]
[Round "1.15"]
[White "Rabiya, Karim"]
[Black "Krist, Stephan"]
[Result "1-0"]
[WhiteElo "1643"]
[BlackElo "1620"]
[PlyCount "59"]
[EventDate "2018.??.??"]
[EventType "swiss"]
[EventRounds "7"]
[EventCountry "GER"]
[WhiteTeam "SK Niederbrechen"]
[BlackTeam "SVG Lauterbach"]

1. e4 e5 2. Nc3 Nf6 3. Bc4 Nc6 4. d3 Bc5 5. f4 d6 6. f5 Bd7 7. Bg5 Bb4 8. Nge2
h6 9. Bh4 Nd4 10. O-O Nxe2+ 11. Nxe2 O-O 12. Ng3 c6 13. Kh1 d5 14. exd5 Be7 15.
Bxf6 Bxf6 16. d6 a5 17. a4 b5 18. axb5 cxb5 19. Bd5 Ra6 20. Ne4 b4 21. Qg4 Bg5
22. Qh5 Be8 23. f6 Rxd6 24. Nxg5 Rxd5 25. Ne4 Kh7 26. fxg7 Kxg7 27. Rf6 Rh8 28.
Raf1 Qe7 29. R1f3 Kf8 30. Rxh6 1-0

[Event "HEM B-Turnier"]
[Site "Frankfurt-Zeilsheim"]
[Date "2018.05.10"]
[Round "1.16"]
[White "Wachsmann, Elmar"]
[Black "Haftmann, Rainer"]
[Result "1-0"]
[WhiteElo "1618"]
[BlackElo "1766"]
[PlyCount "51"]
[EventDate "2018.??.??"]
[EventType "swiss"]
[EventRounds "7"]
[EventCountry "GER"]
[WhiteTeam "SC Groß-Umstadt"]
[BlackTeam "SG Dietzenbach"]

1. d4 Nf6 2. c4 e6 3. Nf3 d5 4. Nc3 c6 5. e3 Nbd7 6. Bd3 Bd6 7. O-O O-O 8. e4
dxe4 9. Nxe4 Nxe4 10. Bxe4 Nf6 11. Bc2 Re8 12. Bg5 Be7 13. Qd3 g6 14. Rfe1 Nd7
15. h4 Bxg5 16. hxg5 c5 17. Rad1 Qc7 18. d5 e5 19. Ba4 Qd6 20. Nd2 Rd8 21. Ne4
Qf8 22. Bxd7 Bxd7 23. Nf6+ Kg7 24. Rxe5 Bf5 25. Qc3 Rd6 26. Rxf5 1-0